ბათუმის შოთა რუსთაველის სახელმწიფო უნივერსიტეტის ბიბლიოთეკა

Close-Up B2 : (ბიბ.ჩანაწერი № 57641)

000 -LEADER
fixed length control field 00671nam a22002177a 4500
005 - DATE AND TIME OF LATEST TRANSACTION
control field 20200824134140.0
008 - FIXED-LENGTH DATA ELEMENTS--GENERAL INFORMATION
fixed length control field 200824b xxu||||| |||| 00| 0 geo d
020 ## - INTERNATIONAL STANDARD BOOK NUMBER
International Standard Book Number 9781408095720
041 ## - LANGUAGE CODE
Language code of text/sound track or separate title eng
080 ## - UNIVERSAL DECIMAL CLASSIFICATION NUMBER
Universal Decimal Classification number 811.111.1 H-50
100 ## - MAIN ENTRY--PERSONAL NAME
Personal name Healan, A.
9 (RLIN) 9296
245 ## - TITLE STATEMENT
Title Close-Up B2 :
Remainder of title student's Book /
Statement of responsibility, etc. A. Healan, K. Gormley with K. Ludlow.
250 ## - EDITION STATEMENT
Edition statement second edition
264 ## - PRODUCTION, PUBLICATION, DISTRIBUTION, MANUFACTURE, AND COPYRIGHT NOTICE
Date of production, publication, distribution, manufacture, or copyright notice 2019.
300 ## - PHYSICAL DESCRIPTION
Extent 190 p.
Other physical details 30 cm.
653 ## - INDEX TERM--UNCONTROLLED
keyword ონგლისური ენა
653 ## - INDEX TERM--UNCONTROLLED
keyword მოსწავლის წიგნი
700 ## - ADDED ENTRY--PERSONAL NAME
Personal name Gormley, K.
Relator term ავტორი
9 (RLIN) 9297
700 ## - ADDED ENTRY--PERSONAL NAME
Personal name Ludlow, K.
Relator term ავტორი
9 (RLIN) 9298
942 ## - ADDED ENTRY ELEMENTS (KOHA)
Source of classification or shelving scheme
Koha item type წიგნი
ეგზემპლარები
Withdrawn status Lost status Source of classification or shelving scheme Damaged status Not for loan Permanent Location Current Location Shelving location Date acquired Cost, normal purchase price Full call number Barcode Date last seen Copy number Price effective from Koha item type Public note
          ბათუმის შოთა რუსთაველის სახელმწიფო უნივერსიტეტის მთავარი ბიბლიოთეკა ბათუმის შოთა რუსთაველის სახელმწიფო უნივერსიტეტის მთავარი ბიბლიოთეკა წიგნსაცავი 2020-08-24 147.00 811.111.1 H-50 60818 2020-08-24 60818 2020-08-24 წიგნი 147 ლ.